Managing people in sport organizations (Record no. 1435466)
[ view plain ]
| 000 -LEADER | |
|---|---|
| fixed length control field | 00926 a2200277 4500 |
| 005 - DATE AND TIME OF LATEST TRANSACTION | |
| control field | 20251118145728.0 |
| 008 - FIXED-LENGTH DATA ELEMENTS--GENERAL INFORMATION | |
| fixed length control field | 251118b |||||||| |||| 00| 0 eng d |
| 020 ## - INTERNATIONAL STANDARD BOOK NUMBER | |
| International Standard Book Number | 978103253751 (pbk) |
| 037 ## - SOURCE OF ACQUISITION | |
| Terms of availability | TB |
| 040 ## - CATALOGING SOURCE | |
| Original cataloging agency | CRL |
| Transcribing agency | CRL |
| 041 ## - LANGUAGE CODE | |
| Source of code | eng |
| Language code of text/sound track or separate title | eng |
| 084 ## - COLON CLASSIFICATION NUMBER | |
| Classification number | MY(X:8) R5 |
| Assigning agency | CRL |
| 100 ## - MAIN ENTRY--PERSONAL NAME | |
| Personal name | Taylor, Tracy |
| 9 (RLIN) | 821370 |
| 245 ## - TITLE STATEMENT | |
| Title | Managing people in sport organizations |
| 250 ## - EDITION STATEMENT | |
| Edition statement | 3rd Ed. |
| 260 ## - PUBLICATION, DISTRIBUTION, ETC. | |
| Place of publication, distribution, etc. | London, UK; |
| -- | New York, USA: |
| Name of publisher, distributor, etc. | Routledge, |
| Date of publication, distribution, etc. | 2015. |
| 300 ## - PHYSICAL DESCRIPTION | |
| Extent | xi, 252p. |
| 365 ## - TRADE PRICE | |
| Price amount | 49.99 |
| Currency code | UKP |
| 650 ## - SUBJECT ADDED ENTRY--TOPICAL TERM | |
| Topical term or geographic name entry element | Arts |
| 9 (RLIN) | 852048 |
| 650 ## - SUBJECT ADDED ENTRY--TOPICAL TERM | |
| Topical term or geographic name entry element | Sports |
| 9 (RLIN) | 852049 |
| 650 ## - SUBJECT ADDED ENTRY--TOPICAL TERM | |
| Topical term or geographic name entry element | Management |
| 9 (RLIN) | 852050 |
| 700 ## - ADDED ENTRY--PERSONAL NAME | |
| Personal name | Doherty, Alison |
| Relator term | author. |
| 9 (RLIN) | 852051 |
| 700 ## - ADDED ENTRY--PERSONAL NAME | |
| Personal name | Kerwin, Shannon |
| Relator term | author. |
| 9 (RLIN) | 852052 |
| 942 ## - ADDED ENTRY ELEMENTS (KOHA) | |
| Koha item type | Textbook |
| Source of classification or shelving scheme | Colon Classification (CC) |
| Suppress in OPAC | No |
| Edition | 3rd Ed. |
| Classification part | MY(X:8) R5 |
| Withdrawn status | Lost status | Source of classification or shelving scheme | Damaged status | Not for loan | Home library | Current library | Date acquired | Source of acquisition | Cost, normal purchase price | Inventory number | Total Checkouts | Full call number | Barcode | Date last seen | Cost, replacement price | Price effective from | Koha item type |
|---|---|---|---|---|---|---|---|---|---|---|---|---|---|---|---|---|---|
| Colon Classification (CC) | Central Library | Central Library | 2025-10-09 | 58/ Segment Book Distributors | 4778.25 | 70811 & 2025-10-01 | MY(X:8) R5 | CL1923784 | 2025-10-09 | 5972.81 | 2025-10-09 | Textbook |
